MARC

LEADER 00000nam0a2200000 4500
001 161485
005 20231031155921.0
035 |a (RuTPU)RU\TPU\book\175107 
090 |a 161485 
100 |a 20090609d1989 m y0rusy50 ca 
101 0 |a rus 
102 |a UZ 
105 |a y j 000zy 
200 1 |a Сборник задач и упражнений по проведению горных выработок  |e учебное пособие  |f В. С. Фефелов  |g Ташкентский государственный технический университет им. Абу Райхана Беруни (ТашГТУ) 
210 |a Ташкент  |c Изд-во ТашПИ  |d 1989 
215 |a 84 с. 
610 1 |a горное дело 
610 1 |a горные выработки 
610 1 |a проведение 
610 1 |a расчеты 
610 1 |a забой 
610 1 |a проветривание 
610 1 |a горное давление 
610 1 |a горная крепь 
610 1 |a задачи 
610 1 |a упражнения 
610 1 |a учебные пособия 
675 |a 622.26(076)  |v 3 
700 1 |a Фефелов  |b В. С. 
712 0 2 |a Ташкентский государственный технический университет им. Абу Райхана Беруни (ТашГТУ)  |2 stltpush  |3 (RuTPU)RU\TPU\col\15669 
801 1 |a RU  |b 63413507  |c 20090609  |g PSBO 
801 2 |a RU  |b 63413507  |c 20100514  |g RCR 
942 |c BK